000 00660cad a22002175a 4500
001 L159764
008 150226s2016 xxk f 000 0 eng d
035 _a(Sirsi) u159764
041 0 _aeng
100 1 _aMann, Will
245 0 0 _aNo more spiralling costs
260 _c2016
490 _aModus
_vJune 2016, 36-37 (2)
520 _aLooks at the budget control of the Francis Crick Institute which is one of Britain's biggest publicly funded construction schemes.
590 _aKA
650 2 4 _aProject management
_96261
650 2 4 _aCOST MANAGEMENT
_96233
651 4 _aUnited Kingdom
_y
690 _aBUILDING AND CONSTRUCTION-PROJECTS
942 _n0
999 _c84969
_d84969